| 000 | 00621ntaaa2200229 4500 | ||
|---|---|---|---|
| 003 | 01 | ||
| 005 | 20251027202711.0 | ||
| 008 | 0714s1973 ag 01 | ||
| 040 |
_aAR-BaBN _bspa _cAR-BaBN _eaacr _dRIC |
||
| 082 | _a501.8000 B88i | ||
| 100 | _aBunge, Mario | ||
| 245 | _aLa investigación científica | ||
| 250 | _a8 ed. | ||
| 260 |
_aBarcelona : _bAriel, _c1981 |
||
| 300 |
_a955 p ; _c23 cm |
||
| 500 | _aContiene bibliografías, indices y símbolos especiales | ||
| 650 | _ainvestigación | ||
| 650 |
_aciencia _94975 |
||
| 650 | _afilosofía de la ciencia | ||
| 650 | _ametodología de la ciencia | ||
| 942 | _cBK | ||
| 999 |
_c22182 _d22182 |
||